000 01030nam a2200337Ia 4500
003 OSt
005 20220912144545.0
006 a|||||r|||| 00| 0
007 ta
008 220909b |||||||| |||| 00| 0 eng d
020 _a9788132110163 (pbk)
020 _aSL01559276
024 _a187474
037 _b1873, 14/12/2012, Ashutosh Technical Books
037 _cTextual
040 _aCSL
_beng
_cCSL
041 _aeng
082 _aB28:(9S), Q2 cc6
100 _aCunningham James B; Aldrich James O
245 0 _aUsing SPSS : an interactive hands-onapproach
260 _aNew Delhi
_b Sage
_c2012
300 _axx,237p.
500 _aAppendises A-D 211-231p.; Index 232-237p.
650 _a SPSS
650 _a SPSS- computer file
650 _aStatistics
700 _a Hemne P S
700 _aCunningham James B; Aldrich James O
942 _hB28:(9S), Q2 cc6
_cTEXL
_2CC
999 _c11959
_d11959